000 00592nam a22002297a 4500
003 UA-OsUOA
001 34684
007 ta
008 20051018b un ||||| |||| 00| 0 ukr d
100 _aЧистякова Е.В.
090 _a929
_bЧ-68
942 _cBK
040 _aUA-OsUOA
_brus
_cUA-OsUOA
_dUA-OsUOA
245 _aМихаил Николаевич Тихомиров
300 _a160 с.
955 _a2
041 _arus
080 _a929
260 _aМ.
_bНаука
_c1987
650 7 _a9 Географія. Біографії. Історія
_2UDC
999 _c321107
_d321107